| Поле | Инд. | ПП | Название | Значение |
|---|---|---|---|---|
| Тип записи | a | |||
| Библиографический уровень | m | |||
| 001 | Контрольный номер | RU/IS/BASE/331906976 | ||
| 005 | Дата корректировки | 20220729101049.4 | ||
| 040 | b | Код языка каталог. | rus | |
| 041 | 0_ | a | Код языка текста | rus |
| 080 | a | Индекс УДК | 004.42 | |
| 084 | a | Индекс другой классификации/Индекс ББК | 32.973.26-018.2 | |
| 090 | a | Полочн. индекс | 681.3 | |
| c | Каталожный индекс | 681.3.06:621.382 | ||
| x | Авторский знак | Л61 | ||
| 097 | b | Оператор | 11 | |
| 100 | 1_ | a | Автор | Липень Ю. М. |
| 245 | 10 | a | Заглавие | Программирование на РПГ в ЕС ЭВМ |
| 260 | a | Место издания | М. | |
| b | Издательство | Статистика | ||
| c | Дата издания | 1977 | ||
| 300 | a | Объем | 168 с. | |
| b | Иллюстрации/ тип воспроизводства | ил. | ||
| 510 | a | Примечание о ссылках | Книги и методические пособия | |
| 650 | a | Основная рубрика | 50.05 Теоретические основы программирования | |
| x | Основная подрубрика | 50.05.03 Общетеоретические вопросы программирования | ||
| 653 | a | Ключевые слова | программирование; языки программирования; вычислительные системы; электронные вычислительные машины; ЕС ЭВМ | |
| 700 | 1_ | a | Другие авторы | Марголен М. С. |
| 700 | 1_ | a | Другие авторы | Марук З. А. |
| 901 | t | Тип документа | m |